| 000 | 00431nam a2200157 i 4500 | ||
|---|---|---|---|
| 001 | 97150 | ||
| 003 | ES-MaACL | ||
| 005 | 20230906182042.0 | ||
| 007 | t| | ||
| 008 | 050707m19081919it ||||1| ita d | ||
| 100 | 1 |
_aManzini, Vincenzo. _976236 |
|
| 245 | 1 | 0 |
_aTrattato di Diritto Penale Italiano / _cVincenzo Manzini. |
| 260 |
_aTorino : _bVicenzo Bona, _c1908-1919. |
||
| 300 |
_a9 v. ; _c24 cm. |
||
| 852 |
_aES-MaACL _jF-5396-5404 |
||
| 999 |
_c97150 _d97150 |
||